000 00582nam a2200193Ia 4500
005 20250508164902.0
008 008 250505s9999 xx 000 0 eng d
037 _aDissertations
040 _aFEDL
_beng
_cFEDL
041 _aeng
_2eng
084 _a379.111, JAS/DI
_qFEDL
100 _aJasleen Kaur
245 0 _aTo study the effectiveness of bhagidari yojana in schools of north-west zone of Delhi
260 _c2003
300 _a95p.
546 _aM. Ed. Dissertation (Delhi University)
942 _cDIS
_h379.111, JAS/DI
999 _c1391802
_d1391802